Lehetséges-e hermeneutikai kritika? A kritikai gondolkodásról
Elmentve itt :
| Szerző: | |
|---|---|
| Adatforrás: | Philobibl |
| Forrásdokumentuma: | Erdélyi Múzeum 81.2019:4. 106-141. p. |
| Dokumentumtípus: | Cikk |
| Nyelv: | magyar |
| Kulcsszavak: | hermeneutika kritika reflexió |
| Online elérés: | szabadon hozzáférhető |
| LEADER | 00538nab a2200145 c 4500 | ||
|---|---|---|---|
| 001 | bibPHI00000403 | ||
| 005 | 20220608152135.8 | ||
| 008 | 220608s2019 rm 00010 hun d | ||
| 100 | 1 | |a Veress Károly | |
| 245 | 1 | 0 | |a Lehetséges-e hermeneutikai kritika? |b A kritikai gondolkodásról |c Veress Károly |
| 695 | |a hermeneutika | ||
| 695 | |a kritika | ||
| 695 | |a reflexió | ||
| 773 | 0 | |t Erdélyi Múzeum |g 81.2019:4. 106-141. p. | |
| 856 | 4 | 1 | |3 Full text |u https://epa.oszk.hu/00900/00979/00437/pdf/EPA00979_erdelyi_muzeum_2019_4_106-141.pdf |z szabadon hozzáférhető |